Minecraft Mobs: Cat - Statistics

General Stats
  • This quiz has been taken 14 times
  • The average score is 9 of 12
Answer Stats
Question Answer % Correct
How many health points does a cat have? 10
100%
What cat variant has different spawning mechanics than the other variants? Black
83%
What is one other cat variant? British Shorthair | Calico | Jellie | Persian | Ragdoll | Red | Siamese | Tabby | Tuxedo | White
83%
What is one mob that is scared of cats? Creeper | Phantom
83%
What source of damage is a cat immune to? Fall Damage
83%
What is one item a cat can deliver to its owner when they sleep? Rabbit's Foot | Rabbit Hide | String | Rotten Flesh | Feather | Raw Chicken | Phantom Membrane
83%
What is an adult cat's width in blocks? 0.6
75%
What is an adult cat's height in blocks? 0.7
75%
What is one item that can be used to tame and breed cats? Raw Cod | Raw Salmon
75%
What other structure can that variant generate and spawn in? Swamp Hut
75%
What has to happen for that cat variant to spawn in a village? Full Moon
50%
What advancement do you get for taming one of each cat variant? A Complete Catalogue
33%
No matching quizzes found
Score Distribution
Percent of People with Each Score
Percentile by Number Answered
Your Score History
You have not taken this quiz